| 000 -LEADER |
| fixed length control field |
01629 a2200241 4500 |
| 003 - CONTROL NUMBER IDENTIFIER |
| control field |
Nust |
| 005 - DATE AND TIME OF LATEST TRANSACTION |
| control field |
20230221154247.0 |
| 010 ## - LIBRARY OF CONGRESS CONTROL NUMBER |
| LC control number |
2003060457 |
| 020 ## - INTERNATIONAL STANDARD BOOK NUMBER |
| International Standard Book Number |
0387201564 (alk. paper) |
| 040 ## - CATALOGING SOURCE |
| Transcribing agency |
Nust |
| 082 00 - DEWEY DECIMAL CLASSIFICATION NUMBER |
| Classification number |
621.34,IDA |
| 100 1# - MAIN ENTRY--PERSONAL NAME |
| Personal name |
Ida, Nathan. |
| 9 (RLIN) |
109197 |
| 245 10 - TITLE STATEMENT |
| Title |
Engineering electromagnetics / |
| Statement of responsibility, etc. |
Nathan Ida. |
| 250 ## - EDITION STATEMENT |
| Edition statement |
2nd ed. |
| 260 ## - PUBLICATION, DISTRIBUTION, ETC. |
| Place of publication, distribution, etc. |
New York : |
| Name of publisher, distributor, etc. |
Springer, |
| Date of publication, distribution, etc. |
c2004. |
| 300 ## - PHYSICAL DESCRIPTION |
| Extent |
xvii, 1235 p. : |
| Other physical details |
ill. ; |
| Dimensions |
25 cm. |
| 505 ## - FORMATTED CONTENTS NOTE |
| Formatted contents note |
Vector Algebra (Page-1), Vector Calculus (Page-57), Coulomb's Law And The Electric Field (Page-121), Gauss's Law And The Electric Potential (Page-173), Boundary Value Problems : Analytic Methods Of Solution (Page-281), Boundary Value Problems : Numerical (Approximate) Methods (Page-351), The Steady Electric Current (Page-415), The Static Magnetic Field (Page-469), Magnetic Materials And Properties (Page-523), Faraday's Law And Induction (Page-629), Maxwell's Equations (Page-687), Electromagnetic Waves And Propagation (Page-725), Reflection And Transmission Of Plane Waves (Page-807), Theory Of Transmission Lines (Page-877), The Smith Chart, Impedance Matching, And Transmission Line Circuits (Page-955), Transients On Transmission Lines (Page-999), Waveguides And Resonators (Page-1043), Antennas And Electromagnetic Radiation (Page-1121). |
| 650 #0 - SUBJECT ADDED ENTRY--TOPICAL TERM |
| Topical term or geographic name entry element |
Electromagnetism |
| General subdivision |
Mathematics. |
| 9 (RLIN) |
2849 |
| 650 #0 - SUBJECT ADDED ENTRY--TOPICAL TERM |
| Topical term or geographic name entry element |
Telecommunication Engineering |
| 856 42 - ELECTRONIC LOCATION AND ACCESS |
| Materials specified |
Publisher description |
| Uniform Resource Identifier |
<a href="http://www.loc.gov/catdir/enhancements/fy0823/2003060457-d.html">http://www.loc.gov/catdir/enhancements/fy0823/2003060457-d.html</a> |
| 856 42 - ELECTRONIC LOCATION AND ACCESS |
| Materials specified |
Table of contents only |
| Uniform Resource Identifier |
<a href="http://www.loc.gov/catdir/enhancements/fy0823/2003060457-t.html">http://www.loc.gov/catdir/enhancements/fy0823/2003060457-t.html</a> |
| 942 ## - ADDED ENTRY ELEMENTS (KOHA) |
| Koha item type |
Reference |
| Source of classification or shelving scheme |
|